Compendio elemental de historia de américa /
Guardado en:
| Autor Principal: | |
|---|---|
| Formato: | Libro |
| Publicado: |
Buenos Aires :
Cabaut,
1906
|
| Materias: | |
| Etiquetas: |
Agregar Etiqueta
Sin Etiquetas, Sea el primero en etiquetar este registro!
|
| LEADER | 00472nam a22001695a 4500 | ||
|---|---|---|---|
| 001 | CEM.cems000863 | ||
| 005 | 20060210000000.0 | ||
| 008 | 130507s1906##################000#0#####d | ||
| 003 | CEMS | ||
| 082 | 0 | 4 | |a 980 |
| 100 | 1 | |a Barros Arana, Diego | |
| 245 | 1 | 0 | |a Compendio elemental de historia de américa / |
| 260 | |a Buenos Aires : |b Cabaut, |c 1906 | ||
| 300 | |a 557 p. | ||
| 653 | |a Historia | ||
| 653 | |a Historia de america | ||
| 859 | |a CEMS |b BIB. CEMS - 11 de abril |h 980 |i B278 |p 5466.76 |t Ej.1 | ||
